000 00340nam a2200133Ia 4500
008 210210b1963 xxu||||| |||| 00| 0 eng d
082 _a320 BAIS
100 _aBAINS (J S), Ed.
245 _aStudents in political science.
260 _aLondon
_bAsia Publishing House
_c1963
300 _a448
690 _aPolitical Theory
906 _a030397
999 _c81531
_d81531